Conditions in ships flying the Panama flag. (Record no. 36717)

MARC details
000 -LEADER
fixed length control field 00848cam a22002411 4500
001 - CONTROL NUMBER
control field l 51000006
003 - CONTROL NUMBER IDENTIFIER
control field DLC
005 - DATE AND TIME OF LATEST TRANSACTION
control field 20260227111542.0
008 - FIXED-LENGTH DATA ELEMENTS--GENERAL INFORMATION
fixed length control field 760304s1950 sz 000 0 eng
010 ## - LIBRARY OF CONGRESS CONTROL NUMBER
LC control number l 51000006
035 ## - SYSTEM CONTROL NUMBER
System control number (OCoLC)2030510
040 ## - CATALOGING SOURCE
Original cataloging agency DLC
Transcribing agency LU
Modifying agency DLC
050 00 - LIBRARY OF CONGRESS CALL NUMBER
Classification number KGH1434
Item number .I58 1950
110 2# - MAIN ENTRY--CORPORATE NAME
Corporate name or jurisdiction name as entry element International Labour Organisation.
Subordinate unit Committee of Enquiry.
245 10 - TITLE STATEMENT
Title Conditions in ships flying the Panama flag.
Remainder of title Report of the Committee (May-November 1949)
260 ## - PUBLICATION, DISTRIBUTION, ETC.
Place of publication, distribution, etc. Geneva,
Name of publisher, distributor, etc. International Labour Office,
Date of publication, distribution, etc. 1950.
300 ## - PHYSICAL DESCRIPTION
Extent 87 p.
Dimensions 24 cm.
410 21 - SERIES STATEMENT/ADDED ENTRY--CORPORATE NAME [OBSOLETE, CAN/MARC], [LOCAL, USA]
Corporate name or jurisdiction name as entry element International Labour Office
Title of a work Studies and reports, new ser.,
Volume number/sequential designation no. 22
650 #0 - SUBJECT ADDED ENTRY--TOPICAL TERM
Topical term or geographic name entry element Merchant mariners
General subdivision Legal status, laws, etc.
Geographic subdivision Panama.
650 #0 - SUBJECT ADDED ENTRY--TOPICAL TERM
Topical term or geographic name entry element Merchant marine
Geographic subdivision Panama.
650 #0 - SUBJECT ADDED ENTRY--TOPICAL TERM
Topical term or geographic name entry element Maritime law
Geographic subdivision Panama.
710 2# - ADDED ENTRY--CORPORATE NAME
Corporate name or jurisdiction name as entry element International Labour Office

No items available.

Powered by Koha